01244nam a2200301 i 450000100060000000300090000600500170001500700030003200800410003502000180007608000310009408000300012508000300015524502360018526000780042130000530049950400320055260000560058465000450064065500400068570000300072570000320075571000330078785200220082085200220084285200390086485200390090377812ES-MaACL20260201162748.0t|041110s2004 sp ||||1| spa d a84-8181-201-3 a902 Cabré, Juan (060.64) a903(460)(084.12)(084.823) a904(460)(084.12)(084.823)03aEl arqueólogo Juan Cabré (1882-1947) : bla fotografía como técnica documental : Museo de San Isidro, del 24 de junio al 31 de octubre de 2004 / cedición al cuidado de Juan Blánquez Pérez y Belén Rodríguez Nuere. aMadrid : bMinisterio de Cultura, Secretaría General Técnica, c2004. a423 p. : bil. col. y n. ; c29 cm + e1 CD-ROM. aBibliografía: p. 395-423.14aCabré Aguiló, Juan, d1882-1947- vExposiciones aExcavaciones arqueológicas-zEspaña. 72tgfbneaCatálogos de exposiciones1 aBlánquez Pérez, Juan.1 aRodríguez Nuere, Belén.2 aMuseo de San Isidro (Madrid) aES-MaACLjL-28409 aES-MaACLjL-28599 aES-MaACLjROT 2/2/18 z- CD-ROM aES-MaACLjROT 2/2/19 z- CD-ROM